| 000 | 00761cam a22002533a 4500 | ||
|---|---|---|---|
| 001 | 36967 | ||
| 003 | PGUSA | ||
| 005 | 20140828083818.0 | ||
| 008 | 110803s2011||||xxu|||||s|||||000 | eng d | ||
| 040 |
_aPGUSA _beng |
||
| 042 | _adc | ||
| 050 | 4 | _aDA | |
| 100 | 1 |
_aPhillpotts, Eden, _d1862-1960 |
|
| 245 | 1 | 2 |
_aA West Country Pilgrimage _h[electronic resource] / _cEden Phillpotts |
| 260 |
_bProject Gutenberg, _c2011 |
||
| 506 | _aPublic domain in the USA. | ||
| 516 | _aElectronic text | ||
| 653 | _aCornwall (England : County) -- Description and travel | ||
| 653 | _aDevon (England) -- Description and travel | ||
| 700 | 1 | _aBenthall, Annie T. | |
| 830 | 0 |
_aProject Gutenberg _v36967 |
|
| 856 | 4 | 0 | _uhttp://www.gutenberg.org/ebooks/36967 |
| 942 | _cEB | ||
| 999 |
_c266222 _d266222 |
||